| 000 | 01430ngm a22003490a 4500 | ||
|---|---|---|---|
| 001 | PT14658 | ||
| 003 | AR-LpoUNG | ||
| 005 | 20210201235858.0 | ||
| 007 | vd cvaizq | ||
| 008 | 191001s1995||||ag |||||||||||||||||spa d | ||
| 040 |
_aAR-LpoUNG _bspa _cAR-LpoUNG _eaacr |
||
| 041 | _aspa | ||
| 044 | _aag | ||
| 082 | 0 | _a946.081 795ti | |
| 100 | 1 |
_aLoach, Ken _edir. |
|
| 245 | 1 | 0 | _aTierra y libertad |
| 260 |
_aBuenos Aires : _bVideoteca Caras, _c[1995]. |
||
| 300 | _aVHS (104 min.) : son., col. | ||
| 505 | 0 | _aEste video se entrega gratis con la compra de la revista Videoteca Caras - Quality Collection. | |
| 520 | _aDavid es un integrante de la Liga de jóvenes Comunistas que, en plena Guerra Civil española, observa cómo los stalinistas están traicionando a la revolución. Su decepción llega en el mismo momento en que la fracción política en donde milita es declarada fuera de la ley. Su destino será escapar y resistir. El drama empieza y termina simétricamente: en la Inglaterra contemporánea. La parábola del director refleja cómo pudo haber cambiado el mundo de haber triunfado la Revolución. | ||
| 650 | 4 | _aASPECTOS POLITICOS | |
| 650 | 4 | _aCAMBIO SOCIAL | |
| 650 | 4 | _aESPAÑA | |
| 650 | 4 | _aFUERZAS ARMADAS | |
| 650 | 4 | _aGUERRA CIVIL | |
| 650 | 4 | _aMOVIMIENTOS SOCIALES | |
| 650 | 4 | _aPROBLEMAS SOCIALES | |
| 650 | 4 | _aREVOLUCION | |
| 653 | _aVIDEOS | ||
| 905 | _a14658 | ||
| 942 | _cVIDEO | ||
| 999 |
_c53680 _d53680 |
||